| 000 | 00821nam a2200205 a 4500 | ||
|---|---|---|---|
| 001 | 000029359 | ||
| 005 | 20250924073803.0 | ||
| 008 | 110415s1946 dr ad 000 | spa d | ||
| 040 |
_aDO-SdBNP _bspa _cBNPHU |
||
| 082 |
_axxx _bM385c |
||
| 100 | 1 |
_aMartínez Barrio, Domingo _956234 |
|
| 245 | 1 | 0 |
_aConsideraciones sobre la historia sísmica de la República Dominicana / _cDomingo Martínez Barrio. |
| 260 |
_aCiudad Trujillo, República Dominicana : _bEditorial La Nación, _c1946. |
||
| 300 |
_a26 p. : _bil., diagr. ; _c24 cm. |
||
| 490 | 1 |
_aPublicaciones de la Universidad Autónoma de Santo Domingo _v44 |
|
| 490 | 1 |
_aInstituto Geográfico y Geológico _v3 |
|
| 830 |
_aPublicaciones de la Universidad Autónoma de Santo Domingo _v44 _952 |
||
| 830 | 0 |
_aInstituto Geográfico y Geológico; _v3 _956235 |
|
| 049 | _aBNPD | ||
| 999 |
_c28851 _d28851 |
||